| 000 | 00388nam a2200157Ia 4500 | ||
|---|---|---|---|
| 100 | _aNewness | ||
| 650 | _aElectrical Engineering | ||
| 942 | _cRB | ||
| 654 | _aRadio And Electronic Engineers Pocket Book | ||
| 245 | _aRadio And Electronic Engineers Pocket Book | ||
| 260 |
_bButtersworth _aLondon _c1978 |
||
| 082 |
_a621.3 _bEti |
||
| 300 | _a191 | ||
| 546 | _aENGLISH | ||
| 999 |
_c30128 _d30128 |
||